| 000 | 00525nam a2200145Ia 4500 | ||
|---|---|---|---|
| 008 | 140724s9999 xx 000 0 und d | ||
| 050 |
_aQA 76.5 _b.V447 2008 |
||
| 100 | _aVenadas, Mark Francis Roque. | ||
| 245 | 2 |
_aA computerized inventory system for Venflor Enterprises, Incorporated / _cMark Francis Roque Venadas. |
|
| 260 |
_aLas PiƱas, Philippines : _bSouthville International School and Colleges, _cc2008. |
||
| 300 |
_a55 p. : _bill. ; _c28 cm. |
||
| 521 | _aInformation Technology | ||
| 942 | _cTH | ||
| 999 |
_c228715 _d228715 |
||